| 000 | 00520nam a2200181Ia 4500 | ||
|---|---|---|---|
| 008 | 191130s1966##################000#0#eng## | ||
| 020 | _a9780521023566 | ||
| 040 |
_aACL _cACL |
||
| 082 | _a330.157 WHI V1 | ||
| 100 | _aWhitaker, John K | ||
| 245 |
_aCorespondence of Alfred Marshall economist _cJohn K. Whitaker |
||
| 260 |
_aCambridge _bCambridge University Press _c1966 |
||
| 300 | _alix, 368p.; 25 cm | ||
| 650 | _aEconomics | ||
| 990 | _a782f646eac10000c0226af648895e36f | ||
| 991 | _a30114 | ||
| 999 |
_c139455 _d139455 |
||